000 01095cab a2200241 4500
001 ABS52308
008 090401t1995 xxu||||| |||| 00| 0 eng d
035 _a(Sirsi) u72331
041 _aeng
245 _aPennell v Payne and another
260 _c1995
350 _a0
490 _aEstates Gazette
_v1995 06 EG 152-155(4)
520 _aCA 25 November 1994. Appeal against CC refusing tenant`s appeal to set aside an arbitrator`s award over validity of a notice to quit. The appeal raises the question of where a headtenant serves an upwards notice to quit is the landlord thereupon entitled to possession against a subtenant irrespective of whether that subtenancy was granted within the terms of the headlease. Appeal allowed. "Brown v Wilson" 1949 overruled.
650 _aAGRICULTURAL HOLDINGS ACT 1986 SCH 3 CASE E
650 _aPROPERTY-LANDLORD AND TENANT-TENANCIES-AGRICULTURAL TENANCIES
650 _aHEADLEASES
650 _aNOTICE TO QUIT
650 _aSUBLETTING
690 _aLANDLORD AND TENANT-CASE LAW-AGRICULTURAL TENANCIES
942 _n0
948 _c04/03/1997
999 _c45690
_d45690